| 000 | 00757nam a22002417a 4500 | ||
|---|---|---|---|
| 005 | 20170124105957.0 | ||
| 010 | _aA-936389 | ||
| 020 | _c00.00 | ||
| 035 | _aA-936389 | ||
| 037 | _bCen Lib/Ret | ||
| 040 |
_aDPL _bEN |
||
| 082 |
_a362.29 _bBED |
||
| 100 |
_aBedi, M.S. _914809 |
||
| 245 |
_aFighting drug menace : _cby M.S. Bedi [and] P.K. Bajpai _bachievements and bottlenecks / |
||
| 260 |
_aNew Delhi _bRegency publications _c1997 |
||
| 270 |
_bNew Delhi _a20/36-G, old market, west patel nagar |
||
| 300 |
_axv,195p. _c21cm(Hb) |
||
| 500 | _aIncludes bibliographical references | ||
| 650 |
_aDrug abuse _914810 |
||
| 650 |
_aDrug abuse--Prevention _zIndia _914811 |
||
| 700 |
_aBajpai, P.K. _914799 |
||
| 942 |
_2ddc _cEN _hA-936389 _mBED |
||
| 999 |
_c125572 _d125572 |
||